00856nam a2200241Ia 450000500170000000800410001702000150005804100080007308200300008110000230011124501170013425000220025130000390027365000290031265000520034165000380039370000340043126400260046533600270049133700330051833800280055104000350057920220316235707.0121119s2001 ck a gr 000 0 spa  a95865329920 aspa04a346.2bC14f223 edición1 aCaldas, Tito Livio10aFormación de parejas de amorbpacto civil de convivenciacTito Livio Caldas, colaboración de Enrique Viveros aPrimera edición a78 páginasbilustracionesc22 cm14aDerecho de familia2LEMB14aUnión de hechoxLegislaciónzColombia2LEMB14aSeparación del patrimonio2LEMB1 aViveros, Enriqueecolaborador aBogotábLegisc2001 atextobtxt2rdacontent asin mediaciónbn2rdamedia avolumenbnc2rdacarrier aCO-BoRNBPbspaerdacCO-BoRNBP